[Event "Commonwealth-ch U10 Girls"]
[Site "New Delhi"]
[Date "2019.07.07"]
[Round "7.1"]
[White "Shriyana, S Mallya"]
[Black "Sneha, Halder"]
[Result "0-1"]
[WhiteElo "1316"]
[BlackElo "1474"]
[PlyCount "84"]
[EventDate "2019.07.01"]
[EventType "swiss"]
[EventRounds "7"]
[EventCountry "IND"]
[SourceTitle "EXT 2024"]
[Source "ChessBase"]
[SourceDate "2023.10.10"]
[SourceVersion "1"]
[SourceVersionDate "2023.10.10"]
[SourceQuality "1"]

1. e4 d5 2. exd5 Qxd5 3. Nc3 Qd6 4. d4 Nf6 5. Nf3 g6 6. Be2 Bg7 7. h3 a6 8. a3 Bf5 9. Bd3 Bxd3 10. Qxd3 Nc6 11. Be3 e6 12. Na4 b6 13. b4 Nd5 14. 0-0 0-0 15. c4 Nxe3 16. fxe3 e5 17. Rad1 exd4 18. exd4 Nxd4 19. Nxd4 Rad8 20. Qc2 Bxd4+ 21. Kh1 Qc6 22. Qb3 Qa8 23. Qg3 Qc6 24. Qb3 Bg7 25. Nc3 Bxc3 26. Qxc3 Rxd1 27. Rxd1 Re8 28. Qd3 Re4 29. Qc3 Qe8 30. c5 b5 31. Qf6 Re6 32. Qh4 f6 33. Qg3 Qe7 34. Qb3 Kg7 35. Qc3 Re3 36. Qc1 Re2 37. c6 Qe4 38. Rg1 Rc2 39. Qd1 Qxc6 40. Qe1 Kf7 41. Qh4 Rc3 42. Qf4 Rxh3+ 0-1

[Event "Wch U08 Girls"]
[Site "Santiago de Compostela"]
[Date "2018.11.15"]
[Round "11"]
[White "Prochaieva, Alina"]
[Black "Shriyana, S Mallya"]
[Result "1-0"]
[WhiteElo "1160"]
[BlackElo "1204"]
[PlyCount "41"]
[EventDate "2018.11.04"]
[EventType "swiss"]
[EventRounds "11"]
[EventCountry "ESP"]
[SourceTitle "EXT 2022"]
[Source "ChessBase"]
[SourceDate "2021.10.06"]
[SourceVersion "1"]
[SourceVersionDate "2021.10.06"]
[SourceQuality "1"]

1. e4 e5 2. Nf3 Nc6 3. Bb5 a6 4. Ba4 Nf6 5. d3 b5 6. Bb3 d6 7. c3 Be7 8. Nbd2 h6 9. Nf1 Be6 10. Bc2 0-0 11. Ng3 d5 12. exd5 Nxd5 13. 0-0 Qd7 14. Re1 f6 15. Qe2 Bf7 16. d4 exd4 17. Qd3 Rfb8 18. Qh7+ Kf8 19. Nf5 Ke8 20. Qh8+ Bg8 21. Qxg8# 1-0